000 00632nam a2200217Ia 4500
008 240729s9999 xx 000 0 und d
022 _a2188-2126
245 0 _aJuntendo Iji Zasshi
260 _aJapan
260 _bThe Juntendo Medical Society
650 _a Internal medicine
650 _a Medicine (General) | Medicine
650 _a Nursing | Medicine
650 _a Public aspects of medicine
650 _a Special situations and conditions
650 _a Sports medicine | Medicine
650 _aMedicine
856 _uhttps://doaj.org/toc/362b4ce35a734140a85d15cd76952485
942 _2ddc
942 _cDOAJEJ
999 _c73493
_d73493
945 _a1
_bMadushi Gamage
_c1
_dMadushi Gamage